000 00671nam a22001937a 4500
005 20251108165422.0
008 250721s1983 xx 000 0 ara d
082 1 4 _aم/956/أحم
100 1 _aشلبي، أحمد
245 1 0 _aموسوعة التاريخ الإسلامي و الحضارة الإسلامية :
_bدراسة تحليلية شاملة .../ السيرة النبوية العطرة / /
250 _aط11
264 1 _aالقاهرة :
_bمكتبة النهضة المصرية،
_c1983.
300 _a
650 1 7 _aالعرب
650 1 7 _aالتاريخ
650 1 7 _aالحضارة الإسلامية
942 _2ddc
_cREF
999 _c27458
_d27458